[Event "Ch Finland (team) 1997/98"]
[Site "masterchessopen.com Finland"]
[Round "2"]
[White "Lehtisalo Marko (FIN)"]
[Black "Raaste Eero J (FIN)"]
[Result "0-1"]
[WhiteElo "2073"]
[BlackElo "2345"]

1.e4 e6 2.d4 d5 3.Nd2 a6 4.Ngf3 c5 5.exd5 exd5 6.dxc5 Bxc5 7.Bd3 Nf6 8.O-O O-O
9.Nb3 Ba7 10.Bg5 Bg4 11.Re1 Nc6 12.c3 Qd6 13.Bh4 Rfe8 14.Be2 Ne4 15.Nfd4 Bd7
16.Bf3 Qh6 17.Bg3 Rad8 18.Nxc6 Bxc6 19.Nd4 Qf6 20.Nxc6 bxc6 21.Qd3 c5 22.Bxe4
dxe4 23.Rxe4 h6 24.Rxe8+ Rxe8 25.Rd1 Qe6 26.h3 c4 27.Qd7 Qe2 28.Rd5 Bb6 29.Rf5
Re7 30.Qc8+ Kh7 31.Rf3 Qxb2 32.Qf5+ Kg8 33.Bd6 Re1+ 34.Kh2 f6 35.Qc8+ Kh7
36.Qxc4 Bxf2 37.Qd3+ Kh8 38.Qf5 Rh1+ 39.Kxh1 Qc1+ 40.Kh2 Qg1# 0-1

[Event "Ch France (qual)"]
[Site "masterchessopen.com France"]
[Round "0"]
[White "Daurelle Herve (FRA)"]
[Black "Praud Jean-Luc (FRA)"]
[Result "0-1"]
[WhiteElo "2209"]
[BlackElo "2156"]

1.e4 e6 2.d4 d5 3.Nd2 a6 4.Ngf3 c5 5.exd5 exd5 6.dxc5 Bxc5 7.Nb3 Ba7 8.Bd3
Qe7+ 9.Qe2 Nc6 10.Qxe7+ Ngxe7 11.c3 Bg4 12.Nbd4 O-O 13.O-O Rfe8 14.Bd2 Nxd4
15.Nxd4 Bxd4 16.cxd4 Bf5 17.Bxf5 Nxf5 18.Bc3 Re4 19.f3 Re2 20.Rfe1 Rae8 21.Kf1
Rxe1+ 22.Rxe1 Rxe1+ 23.Kxe1 g6 24.Ke2 Kf8 25.g4 Ng7 26.Bb4+ Ke8 27.Ke3 Ne6
28.b3 Kd7 29.Bd2 Kc6 30.Kd3 Kb5 31.Kc3 f6 32.Kd3 Nd8 33.Kc3 Nc6 34.Be1 Kb6
35.Kd3 Kc7 36.Bd2 Kd7 37.Ke3 Ke6 38.Bc3 h5 39.h3 Nd8 40.Bd2 Nf7 41.Kd3 f5
42.g5 f4 43.h4 Nd6 44.Be1 Kd7 45.Bb4 Nf5 46.Be1 Kc6 47.Bf2 Kb5 48.Kc3 Ka5
49.Be1 Ne3 50.Kd3+ Kb5 51.Bf2 Ng2 52.a3 a5 53.Ke2 a4 54.b4 Kc4 55.Kf1 Nxh4
56.Bxh4 Kb3 57.Bg3 Kxa3 58.Bxf4 Kb2 59.Bd6 a3 {#R} 0-1

[Event "Ch France (team) (juniors) (under 18)"]
[Site "masterchessopen.com France"]
[Round "0"]
[White "Moulin Simon (FRA)"]
[Black "Tavenard Ludovic (FRA)"]
[Result "0-1"]
[WhiteElo "2179"]
[BlackElo "2126"]

1.e4 e6 2.d4 d5 3.Nd2 a6 4.Ngf3 c5 5.exd5 exd5 6.Be2 c4 7.O-O Bd6 8.Re1 Ne7
9.Nf1 O-O 10.a4 Nbc6 11.Bg5 Qc7 12.Ne3 Be6 13.Bh4 Nf5 14.Nxf5 Bxf5 15.b3 Nb4
16.Rc1 Na2 17.Ra1 Nb4 18.Rc1 Na2 19.Ra1 cxb3 20.cxb3 Bc2 21.Qd2 Bb4 22.Qg5
Bxe1 23.Rxe1 Qc3 24.Qxd5 Bxb3 25.Qxb7 Rfe8 26.Bg3 Nb4 27.Be5 Bd5 28.Qc7 Qxc7
29.Bxc7 Nc2 30.Rc1 Rxe2 31.Kf1 Bc4 32.Ne5 Re1# 0-1

[Event "Ch France (team) (nat.2) 2005/06"]
[Site "masterchessopen.com France"]
[Date "2006.04.01"]
[Round "10"]
[White "Laurent Bruno (BEL)"]
[Black "Guez Fabien (FRA)"]
[Result "1-0"]
[WhiteElo "2400"]
[BlackElo "2087"]

1.e4 e6 2.d4 d5 3.Nd2 a6 4.Ngf3 c5 5.exd5 exd5 6.dxc5 Bxc5 7.Nb3 Ba7 8.Bd3
Qe7+ 9.Be2 Nf6 10.O-O O-O 11.Bg5 Nc6 12.c3 Re8 13.Bd3 Bg4 14.Re1 Qd6 15.Be3
Bxe3 16.fxe3 Ne5 17.Be2 Bd7 18.Nxe5 Rxe5 19.Bf3 Ba4 20.Qd4 Bxb3 21.axb3 Rae8
22.Rad1 Qe6 23.c4 dxc4 24.bxc4 b6 25.b4 Ne4 26.Re2 h6 27.Ra2 Ng5 28.Bd5 Qg6
29.Rf1 R8e7 30.h4 Nh3+ 31.Kh2 Rxe3 32.Rf3 Rxf3 33.Bxf3 Qe6 34.Re2 Qd7 35.Qxd7
Rxd7 36.Kxh3 Rd4 37.Re4 Rxe4 38.Bxe4 {#r} 1-0

[Event "Ch Germany (juniors) (Internet) (under 18) (qual4)"]
[Site "masterchessopen.com Internet"]
[Date "2007.06.13"]
[Round "2"]
[White "Schaefer Erik (GER)"]
[Black "Tereick Benjamin (GER)"]
[Result "0-1"]
[WhiteElo "2135"]
[BlackElo "2373"]

1.e4 e6 2.d4 d5 3.Nd2 c5 4.exd5 exd5 5.Ngf3 a6 6.dxc5 Bxc5 7.Nb3 Bb6 8.Bd3 Nf6
9.O-O O-O 10.c3 Nc6 11.h3 Qd6 12.Bg5 h6 13.Bh4 g5 14.Bg3 Qxg3 15.Nbd4 Qd6
16.Bc2 Bd7 17.Qd3 Ne4 18.Nd2 f5 19.Bb3 Nxd4 20.cxd4 Bb5 {#R} 0-1

[Event "Ch Germany (juniors) (Internet) (under 25) (final)"]
[Site "masterchessopen.com Internet"]
[Date "2007.06.20"]
[Round "3"]
[White "Heinz Axel (GER)"]
[Black "Trella Thomas (GER)"]
[Result "1-0"]
[WhiteElo "2364"]
[BlackElo "2311"]

1.e4 e6 2.d4 d5 3.Nd2 c5 4.exd5 exd5 5.Ngf3 a6 6.Be2 Nf6 7.O-O Bd6 8.dxc5 Bxc5
9.Nb3 Bb6 10.Bg5 O-O 11.Ne5 Re8 12.Ng4 Bxg4 13.Bxg4 Nc6 14.c3 d4 15.cxd4 Nxd4
16.Nxd4 Qxd4 17.Bf3 Ne4 18.Be3 Qxd1 19.Raxd1 Bxe3 20.fxe3 Nf6 21.Bxb7 Rab8
22.Bxa6 Rxb2 23.Bc4 Kf8 24.Rd3 Re4 25.Bb3 Re2 26.Rc1 R4xe3 27.Rxe3 Rxe3 28.Rc7
Re7 29.Rxe7 Kxe7 30.Kf2 Ne4+ 31.Ke3 Nc5 32.Bc2 h6 33.Kd4 Kd6 34.a4 Nb7 35.Kc4
f6 36.Kb5 Kc7 37.a5 Nd6+ 38.Kc5 Nb7+ 39.Kb4 Nd6 40.Bd3 h5 41.a6 Kb6 42.Kc3 Nc8
43.Kd4 Kc6 44.Ke4 Kd6 45.Kf5 Ne7+ 46.Kf4 g5+ 47.Ke4 f5+ 48.Kd4 Nc6+ 49.Kc4 f4
50.Be4 Na7 51.Bg6 h4 52.h3 Nc8 53.Bf5 Na7 54.Kd4 Nb5+ 55.Ke4 Nc3+ 56.Kf3 Nb5
57.Kg4 Ke5 58.Bd3 {#r} 1-0

[Event "Ch Germany (juniors) (Internet) (under 25) (qual1)"]
[Site "masterchessopen.com Internet"]
[Date "2008.06.01"]
[Round "2"]
[White "Litwak Aleksej (GER)"]
[Black "Trella Thomas (GER)"]
[Result "0-1"]
[WhiteElo "2278"]
[BlackElo "2330"]

1.e4 e6 2.d4 d5 3.Nd2 a6 4.Ngf3 c5 5.exd5 exd5 6.Be2 Nc6 7.O-O cxd4 8.Nb3 Bd6
9.Nbxd4 Nge7 10.c3 O-O 11.Bd3 Ng6 12.Re1 Qc7 13.h3 Bd7 14.Be3 Nce5 15.Nf5 Nxd3
16.Qxd3 Bc6 17.c4 Bb4 18.Qd4 f6 19.cxd5 Bxe1 20.dxc6 Bxf2+ 21.Bxf2 Qxc6 22.Qg4
Rf7 23.Re1 Qd7 24.N5h4 Qxg4 25.hxg4 Nxh4 26.Nxh4 g6 27.Bd4 Rd8 28.Bc3 Kf8 {#R}
0-1

[Event "Ch Germany (juniors) (team)"]
[Site "masterchessopen.com Bad Sulza (Germany)"]
[Date "2004.11.17"]
[Round "4"]
[White "Haecker Sonja (GER)"]
[Black "Tereick Benjamin (GER)"]
[Result "0-1"]
[WhiteElo "2035"]
[BlackElo "2155"]

1.e4 e6 2.d4 d5 3.Nd2 c5 4.exd5 exd5 5.Ngf3 a6 6.Be2 c4 7.O-O Bd6 8.Re1 Ne7
9.Ne5 O-O 10.Nf1 f6 11.Nf3 Nbc6 12.c3 f5 13.g3 f4 14.Bxf4 Bxf4 15.gxf4 Ng6
16.f5 Bxf5 17.Ng3 Bd7 18.Ne5 Ncxe5 19.dxe5 Be6 20.Bg4 Qc8 21.f3 Nf4 22.Nh5 Nd3
23.Re2 Bxg4 24.fxg4 Qc5+ 25.Kg2 Rf2+ 26.Rxf2 Qxf2+ 27.Kh1 Qxb2 28.Qb1 Qxc3
29.Qg1 Qxe5 30.Ng3 Rf8 {#R} 0-1

[Event "Ch Germany (juniors) (under 17)"]
[Site "masterchessopen.com Pinneberg (Germany)"]
[Round "6"]
[White "Sebastian Dirk (GER)"]
[Black "Aumann Welf (GER)"]
[Result "0-1"]
[WhiteElo "2446"]
[BlackElo "2280"]

1.e4 e6 2.d4 d5 3.Nd2 c5 4.exd5 exd5 5.Ngf3 a6 6.Be2 c4 7.O-O Bd6 8.Re1 Ne7
9.c3 Nbc6 10.Nf1 h6 11.Be3 O-O 12.Qd2 Qc7 13.Bd1 Ng6 14.Bc2 Bg4 15.Bd1 Rfe8
16.Nh4 Nxh4 17.Bxg4 f5 18.Bh5 f4 19.Bxe8 Rxe8 20.Bxf4 Rxe1 21.Qxe1 Bxf4
22.Qe6+ Kh8 23.g3 Nf3+ 24.Kg2 Ng5 25.Qe8+ Kh7 26.gxf4 Qxf4 27.Qe3 Qg4+ 28.Qg3
Qe2 29.Qe3 Qg4+ 30.Kh1 Ne7 31.Ng3 Ng6 32.Qe2 Qh4 33.Nf5 Qh3 34.Ng3 Nf4 35.Qf1
Qg4 36.f3 Nxf3 37.Qf2 Nxh2 38.Kxh2 Qh4+ 39.Kg1 Nh3+ 40.Kg2 Nxf2 41.Kxf2 Qh2+
{#R} 0-1

[Event "Ch Germany (juniors) (under 18)"]
[Site "masterchessopen.com Willingen (Germany)"]
[Date "2007.05.27"]
[Round "2"]
[White "Rehberg Raphael (GER)"]
[Black "Tereick Benjamin (GER)"]
[Result "0-1"]
[WhiteElo "2235"]
[BlackElo "2373"]

1.e4 e6 2.d4 d5 3.Nd2 a6 4.Ngf3 c5 5.exd5 exd5 6.c3 Nf6 7.Be2 Nc6 8.dxc5 Bxc5
9.Nb3 Bb6 10.O-O O-O 11.Nbd4 Re8 12.Re1 Bg4 13.Be3 Ne4 14.Qb3 Na5 15.Qc2 Qf6
16.Rad1 Rac8 17.Qb1 Nc4 18.Nc2 Bxf3 19.Bxf3 Bxe3 20.Nxe3 Ncd2 21.Qc2 Nxf3+
22.gxf3 Ng5 23.Nxd5 Nxf3+ 24.Kf1 Qg5 25.Re3 Nxh2+ 26.Ke1 Ng4 27.Re2 Qh4 28.Qf5
Rxe2+ 29.Kxe2 Re8+ 30.Ne3 Nxe3 31.fxe3 Qh2+ 32.Kf3 g6 33.Qd7 Qh5+ 34.Kf2 Re6
35.Rd2 Qh2+ 36.Kf1 Rf6+ {#R} 0-1

[Event "Ch Germany (seniors)"]
[Site "masterchessopen.com Germany"]
[Round "0"]
[White "Schueler Wolfgang (GER)"]
[Black "Heil Siegfried (GER)"]
[Result "0-1"]
[WhiteElo "2093"]
[BlackElo "2370"]

1.e4 e6 2.d4 d5 3.Nd2 c5 4.exd5 exd5 5.Ngf3 a6 6.Be2 Nc6 7.O-O c4 8.Re1 Be7
9.c3 Nf6 10.b3 b5 11.a4 Bf5 12.b4 O-O 13.Nh4 Be6 14.g3 Nd7 15.Ng2 Nb6 16.a5
Na4 17.Nb1 Bf5 18.Bd2 Rc8 19.Ne3 Nb2 20.Qc1 Nd3 21.Bxd3 Bxd3 22.Qb2 Qd7 23.Na3
Rcd8 24.Nac2 Qh3 25.Rec1 f5 26.Ng2 g5 27.Nce1 f4 28.gxf4 Bd6 29.Nxd3 cxd3
30.Rf1 gxf4 31.f3 Rf6 32.Rf2 Kh8 33.Qc1 Rg8 34.Kh1 Ne7 35.Nxf4 Qf5 36.Ng2 Qh3
37.f4 Nf5 38.Kg1 Rfg6 39.Qf1 Nh4 {#R} 0-1

[Event "Ch Germany (seniors)"]
[Site "masterchessopen.com Germany"]
[Round "0"]
[White "Wittelsberger Helmut (GER)"]
[Black "Heil Siegfried (GER)"]
[Result "0-1"]
[WhiteElo "1954"]
[BlackElo "2370"]

1.e4 e6 2.d4 d5 3.Nd2 c5 4.exd5 exd5 5.Ngf3 a6 6.dxc5 Bxc5 7.Nb3 Bb6 8.Be2 Ne7
9.O-O O-O 10.Nbd4 Nbc6 11.c3 Qd6 12.Be3 Bc7 13.g3 Ng6 14.h4 Bg4 15.Nxc6 bxc6
16.Qd4 f5 17.Qc5 Qd7 18.Qa3 f4 19.Bc5 Rfe8 20.Bd1 Bh3 21.Re1 Rxe1+ 22.Nxe1
fxg3 23.fxg3 Bxg3 24.Ng2 Nxh4 25.Nxh4 Bxh4 26.Qa4 Qf5 27.Kh2 Qg5 28.Qe4 dxe4
{#R} 0-1

[Event "Ch Great Britain"]
[Site "masterchessopen.com Torquay (England)"]
[Round "2"]
[White "Hackett David G (ENG)"]
[Black "Buchanan Walter F (SCO)"]
[Result "1-0"]
[WhiteElo "2130"]
[BlackElo "2127"]

1.e4 e6 2.d4 d5 3.Nd2 c5 4.Ngf3 a6 5.exd5 exd5 6.Qe2+ Be7 7.dxc5 Nf6 8.Nb3 O-O
9.Be3 Nc6 10.Rd1 Re8 11.Qd2 Ne4 12.Qxd5 Qxd5 13.Rxd5 Nb4 14.Rd2 Nxd2 15.Kxd2
Rd8+ 16.Bd3 Bf5 17.Nfd4 Bxd3 18.cxd3 Nxa2 19.Nc2 a5 20.Ra1 a4 21.Nbd4 Bxc5
22.Rxa2 Ra6 23.Nf3 Be7 24.Ncd4 Rd5 25.Ra1 b5 26.Rc1 b4 27.Rc8+ Rd8 28.Nc6 Rxc8
29.Nxe7+ Kh8 30.Nxc8 a3 31.bxa3 bxa3 32.Bd4 a2 33.Ba1 Rc6 34.Ne7 Rb6 35.Nd4
Rb1 36.Nc2 Rf1 37.Bd4 {#r} 1-0

[Event "Ch Hessen (qual)"]
[Site "masterchessopen.com Hessen (Germany)"]
[Round "5"]
[White "Kleinschmidt Felix (GER)"]
[Black "Unger Thomas (USA)"]
[Result "1-0"]
[WhiteElo "2174"]
[BlackElo "2295"]

1.e4 e6 2.d4 d5 3.Nd2 c5 4.exd5 exd5 5.Ngf3 a6 6.dxc5 Bxc5 7.Bd3 Qe7+ 8.Qe2
Qxe2+ 9.Kxe2 Nf6 10.Re1 O-O 11.Kf1 Nc6 12.Nb3 Bb6 13.c3 Bd7 14.Bg5 Rfe8
15.Bxf6 gxf6 16.Bc2 Rad8 17.Rxe8+ Rxe8 18.Rd1 Ne5 19.Nxe5 Rxe5 20.Nd4 Re8
21.f4 Bc7 22.g3 h5 23.Rd2 h4 24.Kf2 Kg7 25.Bb3 hxg3+ 26.hxg3 Bc6 27.Bxd5 Bxd5
28.Nf5+ Kg6 29.Rxd5 Bb6+ 30.Nd4 Rd8 31.Rxd8 Bxd8 32.Kf3 f5 33.g4 fxg4+ 34.Kxg4
Kf6 35.Kf3 Bc7 36.Ke4 Bd8 37.c4 Bb6 38.b4 a5 39.c5 Bd8 40.b5 Ke7 41.a4 Kd7
42.Kd5 Bh4 43.Nf5 Bf2 44.Nd6 Bg3 45.Nxb7 Bxf4 46.Nxa5 f5 47.Nc4 Bh2 48.a5 f4
49.a6 f3 50.a7 f2 51.Nd2 Bf4 52.Nf1 {#r} 1-0

[Event "Ch Hungary (open)"]
[Site "masterchessopen.com Zalakaros (Hungary)"]
[Round "7"]
[White "Vajda Levente (ROM)"]
[Black "Jentsch Dieter (GER)"]
[Result "1-0"]
[WhiteElo "2489"]
[BlackElo "2274"]

1.e4 e6 2.d4 d5 3.Nd2 a6 4.Ngf3 c5 5.exd5 exd5 6.Be2 Nf6 7.O-O cxd4 8.Nxd4 Bd6
9.N2f3 O-O 10.Bg5 Nbd7 11.Nf5 Bc7 12.Ne3 Nb6 13.Qd4 Qd6 14.Bd3 Ne4 15.Bxe4
dxe4 16.Qxe4 f6 17.Rad1 Qc6 18.Qxc6 bxc6 19.Bh4 Bf4 20.Rfe1 Bxe3 21.fxe3 Re8
22.b3 Nd5 23.c4 Nc3 24.Ra1 c5 25.Bg3 Ne4 26.Rad1 a5 27.a4 Bf5 28.Nd2 Nxg3
29.hxg3 Rad8 30.e4 Bg6 31.Nf1 Rxd1 32.Rxd1 Bxe4 33.Re1 Kf7 34.Kf2 Bc2 35.Ne3
Bxb3 36.Rb1 Bxa4 37.Ra1 Bd7 38.Rxa5 Rc8 39.Ra7 Ke6 40.g4 g6 41.Nd5 Bc6 42.Ne7
Bd7 43.Nxc8 Bxc8 44.Rc7 Bd7 45.Rxc5 Kd6 46.Rd5+ Kc6 47.Rd4 Be6 48.Re4 Bd7
49.Ke3 Kc5 50.g3 Ba4 51.Rf4 Bd1 52.Kd2 Bb3 53.Kc3 Bd1 54.Kd3 Bb3 55.Rxf6 Bxc4+
56.Ke4 Bb3 57.g5 {#r} 1-0

[Event "Ch India (juniors) (under 19) (g)"]
[Site "masterchessopen.com Puri (India)"]
[Date "2010.10.05"]
[Round "7"]
[White "Lakshmi Sahiti P (IND)"]
[Black "Sithalatchumi A Ind (193)"]
[Result "1-0"]
[WhiteElo "2113"]
[BlackElo "1954"]

1.e4 e6 2.d4 d5 3.Nd2 a6 4.Ngf3 c5 5.exd5 exd5 6.dxc5 Bxc5 7.Nb3 Ba7 8.Bg5 Ne7
9.Bd3 Nbc6 10.O-O O-O 11.Re1 Qd6 12.c3 Ng6 13.Be3 Bxe3 14.Rxe3 Bg4 15.h3 Be6
16.Ng5 Rfe8 17.Qh5 h6 18.Bxg6 fxg6 19.Qxg6 hxg5 20.Rae1 Qf4 21.Rxe6 Rf8
22.R1e2 Qh4 23.Nc5 Rac8 24.Nd7 Nd4 25.Nxf8 Nxe2+ 26.Rxe2 Rxf8 27.g3 Qa4
28.Qe6+ Kh8 29.Qxd5 b6 30.h4 Qg4 31.Re5 {#r} 1-0

[Event "Ch Iran"]
[Site "masterchessopen.com Teheran (Iran)"]
[Round "5"]
[White "Shapouri Omid (IRI)"]
[Black "Roghani Arash (IRI)"]
[Result "0-1"]
[WhiteElo "2278"]
[BlackElo "2276"]

1.e4 e6 2.d4 d5 3.Nd2 c5 4.exd5 exd5 5.Ngf3 a6 6.Be2 Nc6 7.O-O cxd4 8.Nb3 Bd6
9.Re1 Nge7 10.Nbxd4 O-O 11.Bd3 h6 12.c3 Bg4 13.h3 Bh5 14.Qb3 Qc7 15.Be3 Na5
16.Qc2 Nc4 17.Bc1 Rac8 18.a4 Rfe8 19.Kf1 Bc5 20.Kg1 Ba7 21.b3 Na5 22.Bd2 Nac6
23.Rac1 Qd6 24.Qb1 Bb8 25.g3 Ba7 26.Kg2 Qf6 27.Be3 Nxd4 28.Nxd4 Nc6 29.g4 Bg6
30.Nf5 Bxe3 31.Rxe3 Rxe3 32.fxe3 Re8 33.Re1 Qxc3 34.Nxh6+ Kh7 35.Bxg6+ fxg6
36.Nf7 Ne5 37.Ng5+ Kg8 38.Qd1 Nd3 39.Re2 d4 40.Qf1 Rf8 41.Qd1 dxe3 42.Kg3 Qe5+
43.Kh4 Nf4 44.b4 Nxe2 45.Qxe2 Qf4 {#R} 0-1

[Event "Ch Israel (team)"]
[Site "masterchessopen.com Israel"]
[Date "2010.04.16"]
[Round "5"]
[White "Caspi Israel (ISR)"]
[Black "Psakhis Lev (ISR)"]
[Result "1-0"]
[WhiteElo "2457"]
[BlackElo "2524"]

1.e4 e6 2.d4 d5 3.Nd2 c5 4.Ngf3 a6 5.exd5 exd5 6.dxc5 Bxc5 7.Nb3 Bb6 8.Bg5 Nf6
9.Qe2+ Be6 10.Nfd4 Qe7 11.O-O-O Nc6 12.g3 O-O 13.Bg2 h6 14.Be3 Rfe8 15.Nxc6
Bxe3+ 16.Qxe3 bxc6 17.Rhe1 Nd7 18.Qc3 Qd6 19.Nd4 Nc5 20.Re3 Bd7 21.Rde1 Rxe3
22.Rxe3 Na4 23.Qa3 c5 24.Nf5 Bxf5 25.Qxa4 Bd7 26.Qf4 Qxf4 27.gxf4 Rb8 28.Bxd5
Kf8 29.Rc3 Rb4 30.Rc4 Rxc4 31.Bxc4 a5 32.Kd2 Ke7 33.a3 f6 34.b3 Kd6 35.c3 Bc6
36.b4 cxb4 37.cxb4 axb4 38.axb4 g5 39.Ke3 Bb7 40.fxg5 hxg5 41.Kd4 Bg2 42.Bd3
Bf3 43.b5 Bb7 44.Be4 Bc8 45.b6 Be6 46.Kc3 Bh3 47.Kc4 Bf1+ 48.Kd4 Bh3 49.Ke3
Bd7 50.f4 Bc8 51.Kf3 Bh3 52.Ke3 Bc8 53.f5 Ba6 54.Kf2 Ke5 55.Bd3 Bb7 56.Kg3 Kd4
57.Be2 Ke3 58.Bd1 Bc8 59.Bf3 {#r} 1-0

[Event "Ch Italy (team) (A1)"]
[Site "masterchessopen.com Italy"]
[Date "2003.03.28"]
[Round "3"]
[White "Camerini Lorenzo (ITA)"]
[Black "Contin Daniel (ITA)"]
[Result "0-1"]
[WhiteElo "2081"]
[BlackElo "2358"]

1.e4 e6 2.d4 d5 3.Nd2 a6 4.Ngf3 c5 5.exd5 exd5 6.dxc5 Bxc5 7.Nb3 Ba7 8.Nfd4
Ne7 9.Be3 O-O 10.Be2 Qd6 11.Qd2 Ng6 12.O-O Re8 13.Bd3 Nc6 14.Nf5 Bxf5 15.Bxa7
Bxd3 16.Bc5 Qf6 17.cxd3 d4 18.Rae1 Nf4 19.g3 Ne6 20.Ba3 b6 21.Qe2 Nc7 22.Qd1
b5 23.Bc5 Ne6 24.f4 a5 25.Bd6 Qd8 26.Be5 a4 27.Nc1 f6 28.Qf3 Qd7 29.Bxf6 gxf6
30.Qh5 Rab8 31.Qf5 Qf7 32.Rd1 Ne7 33.Qg4+ Ng7 34.Ne2 Nf5 {#R} 0-1

[Event "Ch Leningrad"]
[Site "masterchessopen.com Leningrad (Russia)"]
[Round "0"]
[White "Lukin Andrei M (RUS)"]
[Black "Bukhman Eduard (RUS)"]
[Result "1-0"]
[WhiteElo "2470"]
[BlackElo "2370"]

1.e4 e6 2.d4 d5 3.Nd2 a6 4.Ngf3 c5 5.exd5 exd5 6.Be2 c4 7.O-O Bd6 8.b3 cxb3
9.axb3 Ne7 10.Re1 O-O 11.Nf1 Bg4 12.Ne3 Bh5 13.Ba3 Bxa3 14.Rxa3 Nbc6 15.c3 Qd6
16.Ra2 Rad8 17.Nh4 Bxe2 18.Raxe2 Qf6 19.Nf3 Ng6 20.Ng4 Qf5 21.Nge5 Ncxe5
22.Nxe5 Nf4 23.Re3 f6 24.Nf3 Ng6 25.g3 Qd7 26.Qe2 Rf7 27.Nd2 Kf8 28.b4 Re7
29.Rxe7 Qxe7 30.Nb3 Qxe2 31.Rxe2 b6 32.Re6 Rb8 33.Rd6 Ke7 34.Rxd5 Rc8 35.b5
Rxc3 36.bxa6 Nf8 37.Rb5 Nd7 38.a7 Rc8 39.d5 Kd6 40.Nd4 Rc1+ 41.Kg2 Ra1 42.Rb1
Ra2 {#r} 1-0

[Event "Ch Mittelfranken (HT)"]
[Site "masterchessopen.com Lauf (Germany)"]
[Date "2004.04.09"]
[Round "7"]
[White "Lutz Dieter (GER)"]
[Black "Liepold Stefan (GER)"]
[Result "1-0"]
[WhiteElo "2187"]
[BlackElo "2236"]

1.e4 e6 2.d4 d5 3.Nd2 a6 4.Ngf3 c5 5.exd5 exd5 6.dxc5 Bxc5 7.Nb3 Ba7 8.Bd3
Qe7+ 9.Qe2 Qxe2+ 10.Kxe2 Nf6 11.Nfd4 O-O 12.f3 Nc6 13.Be3 Re8 14.Kd2 Ne5
15.Rhe1 Bd7 16.c3 Nxd3 17.Kxd3 a5 18.a4 Rec8 19.Bg5 Bb8 20.g3 Bd6 21.Nb5 Bf8
22.N3d4 Ra6 23.Re5 Be6 24.Bxf6 gxf6 25.Re2 Bd7 26.b3 Rb6 27.Na3 Bd6 28.Nac2
Be5 29.f4 Bd6 30.Ne3 Bc5 31.Nxd5 Bxd4 32.Ne7+ Kf8 33.Nxc8 Bxc8 34.Kxd4 Rxb3
35.Raa2 Rb6 36.Rab2 Rd6+ 37.Kc5 Rc6+ 38.Kb5 Bd7 39.Kxa5 Ra6+ 40.Kb4 Rxa4+
41.Kc5 Bc6 42.Rb4 Ra3 43.c4 Rc3 44.Kb6 Rc1 45.c5 Rc3 46.Rbb2 Rc1 47.Rec2 Rd1
48.Kc7 Rd7+ 49.Kc8 Ke8 50.Re2+ Kf8 51.Rbd2 {#r} 1-0

[Event "Ch Mittelfranken (HT)"]
[Site "masterchessopen.com Forchheim (Germany)"]
[Date "2005.03.23"]
[Round "3"]
[White "Balle Alfred (GER)"]
[Black "Liepold Stefan (GER)"]
[Result "0-1"]
[WhiteElo "1959"]
[BlackElo "2259"]

1.e4 e6 2.d4 d5 3.Nd2 a6 4.Ngf3 c5 5.exd5 exd5 6.dxc5 Bxc5 7.Nb3 Ba7 8.Bg5 Qd6
9.Qd2 Nc6 10.O-O-O Nge7 11.Bf4 Qd8 12.Bd3 O-O 13.h3 a5 14.c3 a4 15.Nbd4 Nxd4
16.Nxd4 Bxd4 17.cxd4 Bf5 18.Bxf5 Nxf5 19.Kb1 Nd6 20.Bxd6 Qxd6 21.g4 a3 22.b3
Rfe8 23.Rde1 h6 24.Re3 Rac8 25.Rhe1 Qg6+ 26.Ka1 Rxe3 27.Qxe3 Qc2 28.Rb1 Kh7
29.Qf3 Kg8 30.b4 Qd2 31.Qxa3 Rc2 32.Rf1 Qxd4+ 33.Kb1 Rc4 34.Rc1 Rxb4+ 35.Kc2
Qxf2+ 36.Kc3 Rc4+ {#R} 0-1

[Event "Ch Montenegro (team) (1 liga)"]
[Site "masterchessopen.com Cetinje (Montenegro)"]
[Date "2009.10.09"]
[Round "4"]
[White "Mijovic Stefan (MNE)"]
[Black "Luksic Vladimir (MNE)"]
[Result "1-0"]
[WhiteElo "2325"]
[BlackElo "2143"]

1.e4 e6 2.d4 d5 3.Nd2 a6 4.Ngf3 c5 5.exd5 exd5 6.Be2 cxd4 7.O-O Bd6 8.Nb3 Ne7
9.Nbxd4 O-O 10.Bd3 f6 11.c4 dxc4 12.Bxc4+ Kh8 13.Be3 Nbc6 14.Ne6 Bxe6 15.Bxe6
Ng6 16.Qb3 b5 17.Rfd1 Nce7 18.Bc5 Bxc5 19.Rxd8 Rfxd8 20.Rc1 Bd6 21.g3 Ne5
22.Nxe5 Bxe5 23.Rd1 Rxd1+ 24.Qxd1 Bxb2 25.Qd7 Ng6 26.Qb7 Rf8 27.Qxa6 b4 28.Qd6
Bc3 29.h4 Ra8 30.f4 Nf8 31.Bb3 Re8 32.Qd5 {#r} 1-0

[Event "Ch Moscow (blitz)"]
[Site "masterchessopen.com Moscow (Russia)"]
[Date "2010.08.29"]
[Round "11"]
[White "Smagin Sergey (RUS)"]
[Black "Shipov Sergei (RUS)"]
[Result "1-0"]
[WhiteElo "2551"]
[BlackElo "2557"]

1.e4 e6 2.d4 d5 3.Nd2 a6 4.Ngf3 c5 5.exd5 exd5 6.Be2 c4 7.O-O Bd6 8.b3 cxb3
9.axb3 Ne7 10.c4 Nbc6 11.c5 Bc7 12.Bd3 O-O 13.Re1 Bf5 14.Bxf5 Nxf5 15.Nf1 Qf6
16.Bb2 Rfe8 17.Ne3 Nfe7 18.Bc3 h5 19.b4 Rad8 20.Rb1 Na7 21.h3 Nec6 22.Qb3 Qe6
23.Nxd5 Rxd5 24.Rxe6 fxe6 25.Re1 Kf7 26.h4 Nb5 27.Ng5+ Rxg5 28.hxg5 Nxc3
29.Qxc3 Rd8 30.g6+ Kxg6 31.Rxe6+ Kf7 32.Re4 g6 33.d5 {#r} 1-0

[Event "Ch Moscow (w)"]
[Site "masterchessopen.com Moscow (Russia)"]
[Round "2"]
[White "Potikhoshkina Nadezhda (RUS)"]
[Black "Grabuzova Tatiana (RUS)"]
[Result "1-0"]
[WhiteElo "2230"]
[BlackElo "2324"]

1.e4 e6 2.d4 d5 3.Nd2 a6 4.Ngf3 c5 5.exd5 exd5 6.Be2 c4 7.O-O Bd6 8.Re1 Ne7
9.Nf1 Nbc6 10.c3 O-O 11.b3 cxb3 12.axb3 Bg4 13.Ng3 Rc8 14.Bd2 Ng6 15.h3 Bxf3
16.Bxf3 Bxg3 17.fxg3 Qd6 18.Kh2 Nce7 19.Qe2 Rce8 20.Qd3 Nh4 21.Bg4 f5 22.Bh5
Nhg6 23.Kh1 Rd8 24.Bg5 h6 25.Bc1 Qf6 26.Ba3 Rfe8 27.Rf1 Qg5 28.Bxe7 Rxe7
29.Rxf5 {#r} 1-0

[Event "Ch NRW (juniors) (under 20)"]
[Site "masterchessopen.com Muenster (Germany)"]
[Round "7"]
[White "Proeschold Bernd (GER)"]
[Black "Racherbaeumer Marcel (GER)"]
[Result "1-0"]
[WhiteElo "2036"]
[BlackElo "2260"]

1.e4 e6 2.d4 d5 3.Nd2 a6 4.Ngf3 c5 5.exd5 exd5 6.Be2 Nf6 7.O-O Be7 8.dxc5 Bxc5
9.Nb3 Ba7 10.Bg5 O-O 11.c3 Be6 12.Qc2 Nc6 13.Rad1 h6 14.Bh4 Rc8 15.Nbd4 Kh8
16.Nxc6 Rxc6 17.Nd4 Rc8 18.Rfe1 Bd7 19.Nf5 Qb6 20.Bf3 Rfe8 21.Ne7 Rc5 22.Bxf6
Qxf6 23.Nxd5 Rxe1+ 24.Rxe1 Qd6 25.Rd1 g6 26.h3 Kg7 27.Nb6 Qxb6 28.Rxd7 Rf5
29.Rxb7 Qf6 30.Rxa7 g5 31.Rxa6 Qe5 32.Qd2 Rf4 33.Qd6 {#r} 1-0

[Event "Ch Netherlands"]
[Site "masterchessopen.com Arnhem (Netherlands)"]
[Round "0"]
[White "Benschop Anne Marie (NED)"]
[Black "De Greef Heleen (NED)"]
[Result "1-0"]
[WhiteElo "2159"]
[BlackElo "2140"]

1.e4 e6 2.d4 d5 3.Nd2 a6 4.Ngf3 c5 5.exd5 exd5 6.dxc5 Bxc5 7.Nb3 Ba7 8.Bg5 Ne7
9.Qd2 Nbc6 10.Be3 Bxe3 11.Qxe3 O-O 12.O-O-O Qc7 13.Nfd4 Nf5 14.Qc3 Nfxd4
15.Nxd4 Re8 16.Kb1 Qb6 17.Nxc6 bxc6 18.f3 Be6 19.h4 c5 20.h5 h6 21.g4 d4
22.Qd2 Bd5 23.Bg2 Re3 24.Rhe1 Rae8 25.Rxe3 Rxe3 26.f4 Bc4 27.Bf1 Bxf1 28.Rxf1
Qe6 29.f5 Qe4 30.Rg1 Re2 31.Qd1 c4 32.a3 d3 33.cxd3 cxd3 34.Ka2 d2 35.Rg3 {#r}
1-0

[Event "Ch Netherlands (juniors) (under 20)"]
[Site "masterchessopen.com Nijmegen (Netherlands)"]
[Round "0"]
[White "Slingerland Fred (NED)"]
[Black "Eppinga Roland (NED)"]
[Result "1-0"]
[WhiteElo "2379"]
[BlackElo "2185"]

1.e4 e6 2.d4 d5 3.Nd2 a6 4.Ngf3 c5 5.exd5 exd5 6.Be2 Nc6 7.dxc5 Bxc5 8.Nb3 Ba7
9.O-O Nge7 10.Nfd4 O-O 11.c3 Qd6 12.Bd3 Ng6 13.Nf5 Qf6 14.Qh5 Bxf5 15.Qxf5
Qxf5 16.Bxf5 Rfe8 17.Bd2 Nge5 18.Rae1 Nc4 19.Bc1 g6 20.Bc2 Nd6 21.g3 Rac8
22.Kg2 Ne5 23.Rd1 Ne4 24.Rxd5 Nxf2 25.h3 Rc6 26.Nd4 Ned3 27.Nxc6 bxc6 28.Rxd3
Re2 29.Rd2 {#r} 1-0